| 000 | 00483nam a2200157Ia 4500 | ||
|---|---|---|---|
| 008 | 140925s9999 xx 000 0 und d | ||
| 245 |
_aApplied Psychology / _h[electronic resource] |
||
| 260 |
_bJohn Wiley & Sons, Inc., _cc1999. |
||
| 516 | _aElectronic text | ||
| 650 | _aApplication. | ||
| 650 | _aPsychology. | ||
| 830 | _aJohn Wiley & Sons, Inc. | ||
| 856 | _uhttp://onlinelibrary.wiley.com/doi/10.1111/apps.2014.63.issue-1/issuetoc | ||
| 942 | _cEJ | ||
| 999 |
_c275636 _d275636 |
||